[Event "IECG WC.2008.T.00006 email"]
[Site "IECG email"]
[Date "2007.02.02"]
[Round "?"]
[White "Monacell, James P"]
[Black "Marcinkiewicz, Jan Stanislav"]
[Result "1-0"]
[WhiteElo "2462"]
[BlackElo "2398"]
[PlyCount "107"]
[EventDate "2007.02.02"]
[EventType "tourn (corr)"]
[EventRounds "6"]
[SourceTitle "Corr 2008"]
[Source "ChessBase"]
[SourceDate "2008.06.24"]
[SourceVersion "1"]
[SourceVersionDate "2008.06.24"]
[SourceQuality "1"]

1. e4 e5 2. Nf3 Nc6 3. Bb5 a6 4. Ba4 Nf6 5. 0-0 Be7 6. Qe2 b5 7. Bb3 0-0 8. c3 d6 9. Rd1 Na5 10. Bc2 c5 11. d4 Qc7 12. d5 Bd7 13. b3 Nb7 14. h3 Rfc8 15. Bg5 h6 16. Be3 c4 17. b4 a5 18. a4 bxa4 19. Rc1 Nd8 20. Nfd2 axb4 21. cxb4 Rab8 22. Bxa4 Rxb4 23. Bxd7 Qxd7 24. Kh2 Nb7 25. Nxc4 Nc5 26. Nbd2 Bf8 27. f3 Na4 28. Na5 Rxc1 29. Rxc1 Qb5 30. Qxb5 Rxb5 31. Nc6 Nd7 32. Na7 Rb4 33. Rc8 Nab6 34. Rd8 f6 35. Nc6 Rb2 36. Nf1 Kf7 37. Bxb6 Nxb6 38. Rb8 f5 39. Nd8+ Kf6 40. exf5 Nc4 41. Ra8 Nd2 42. Nxd2 Rxd2 43. Nc6 Kf7 44. h4 h5 45. Nd8+ Kf6 46. Ra7 Be7 47. Ne6 Rxd5 48. g4 hxg4 49. fxg4 Rd2+ 50. Kg3 Rd3+ 51. Kf2 Rh3 52. Ng5 Rd3 53. Ne4+ Kf7 54. g5 1-0

[Event "IECG WC.2006.T.00005 email"]
[Site "IECG email"]
[Date "2006.02.07"]
[Round "?"]
[White "Hellbing, Bernd"]
[Black "Marcinkiewicz, Jan Stanislav"]
[Result "1/2-1/2"]
[WhiteElo "2406"]
[BlackElo "2455"]
[PlyCount "114"]
[EventDate "2006.02.07"]
[EventType "tourn (corr)"]
[EventRounds "6"]
[SourceTitle "Corr 2008"]
[Source "ChessBase"]
[SourceDate "2008.06.24"]
[SourceVersion "1"]
[SourceVersionDate "2008.06.24"]
[SourceQuality "1"]

1. c4 Nf6 2. Nc3 g6 3. g3 Bg7 4. Bg2 0-0 5. e4 d6 6. Nge2 e5 7. 0-0 Nc6 8. d3 Nh5 9. Be3 f5 10. exf5 gxf5 11. f4 Nf6 12. Nd5 Kh8 13. fxe5 dxe5 14. Qb3 a5 15. Rae1 a4 16. Qa3 Ra6 17. Bg5 Rf7 18. Rf2 h6 19. Bh4 Bf8 20. Qc3 Bg7 21. Nxf6 Bxf6 22. Bxf6+ Qxf6 23. Nf4 exf4 24. Qxf6+ Rxf6 25. Re8+ Kg7 26. Rxc8 Rf7 27. Rxf4 a3 28. b3 Nb4 29. Bxb7 Ra7 30. Bd5 Re7 31. Rxf5 c6 32. Rg8+ Kh7 33. Rb8 Re1+ 34. Kg2 Nxa2 35. Be4 Kg7 36. Rf4 Nc3 37. Rg4+ Kf6 38. Rf8+ Ke6 39. Bf5+ Ke7 40. Rc8 Ra5 41. Rc7+ Kf6 42. Bh7 Re2+ 43. Kf3 a2 44. Rg6+ Ke5 45. Rd7 Nd5 46. cxd5 cxd5 47. Rxh6 a1Q 48. Re7+ Kd4 49. Rh4+ Kc3 50. Kxe2 Ra2+ 51. Kf3 Qd1+ 52. Kf4 Rf2+ 53. Kg5 Qd2+ 54. Kh5 Rxh2 55. Rxh2 Qxh2+ 56. Kg4 Kxb3 57. Bf5 Kc3 1/2-1/2

[Event "IECG WC.2006.T.00005 email"]
[Site "IECG email"]
[Date "2006.02.07"]
[Round "?"]
[White "Roberts, Anthony"]
[Black "Marcinkiewicz, Jan Stanislav"]
[Result "1/2-1/2"]
[WhiteElo "2360"]
[BlackElo "2455"]
[PlyCount "73"]
[EventDate "2006.02.07"]
[EventType "tourn (corr)"]
[EventRounds "6"]
[SourceTitle "Corr 2008"]
[Source "ChessBase"]
[SourceDate "2008.06.24"]
[SourceVersion "1"]
[SourceVersionDate "2008.06.24"]
[SourceQuality "1"]

1. e4 c5 2. Nf3 d6 3. d4 cxd4 4. Nxd4 Nf6 5. Nc3 a6 6. Be3 e5 7. Nb3 Be6 8. f3 Be7 9. Qd2 Nbd7 10. g4 h6 11. 0-0-0 b5 12. h4 Nb6 13. Qf2 Nfd7 14. Kb1 Rc8 15. Nd5 Nc4 16. Bxc4 bxc4 17. Nc1 Nc5 18. Ne2 Na4 19. Nec3 Nxc3+ 20. Nxc3 Rb8 21. Ka1 Qa5 22. Qd2 Qb4 23. Rb1 h5 24. g5 0-0 25. f4 exf4 26. Bxf4 Rfd8 27. Rhd1 Bf8 28. Qg2 g6 29. Qg3 Rd7 30. a3 Qc5 31. Be3 Qc6 32. Bd4 Bg7 33. Bf6 Bxf6 34. gxf6 Kh7 35. Qg5 Rb6 36. Qf4 Rdb7 37. Qe3 1/2-1/2

[Event "IECG QM.2005.0.00084 email"]
[Site "IECG email"]
[Date "2005.04.28"]
[Round "?"]
[White "Lafarga Santorroman, David"]
[Black "Marcinkiewicz, Jan Stanislav"]
[Result "1-0"]
[WhiteElo "2535"]
[BlackElo "2447"]
[PlyCount "71"]
[EventDate "2005.04.28"]
[EventType "tourn (corr)"]
[EventRounds "6"]
[SourceTitle "Corr 2008"]
[Source "ChessBase"]
[SourceDate "2008.06.24"]
[SourceVersion "1"]
[SourceVersionDate "2008.06.24"]
[SourceQuality "1"]

1. Nf3 Nf6 2. c4 g6 3. Nc3 Bg7 4. e4 d6 5. d4 0-0 6. Be2 e5 7. 0-0 Nc6 8. d5 Ne7 9. Ne1 Nd7 10. Be3 f5 11. f3 f4 12. Bf2 g5 13. Rc1 Ng6 14. c5 Nxc5 15. b4 Na6 16. Nb5 Bd7 17. Nxa7 h5 18. Bxa6 bxa6 19. Qc2 g4 20. Qxc7 g3 21. Bb6 Qh4 22. h3 Rf7 23. Qxd6 Kh7 24. Rc6 Nf8 25. Nd3 Rf6 26. Qc7 Bxh3 27. gxh3 Rxc6 28. Nxc6 Qxh3 29. Rc1 Qh2+ 30. Kf1 g2+ 31. Ke1 Ng6 32. Kd1 h4 33. d6 h3 34. d7 Qg3 35. Nb8 h2 36. Kd2 1-0

[Event "IECG QM.2005.0.00084 email"]
[Site "IECG email"]
[Date "2005.04.28"]
[Round "?"]
[White "Marcinkiewicz, Jan Stanislav"]
[Black "Lafarga Santorroman, David"]
[Result "0-1"]
[WhiteElo "2447"]
[BlackElo "2535"]
[PlyCount "100"]
[EventDate "2005.04.28"]
[EventType "tourn (corr)"]
[EventRounds "6"]
[SourceTitle "Corr 2008"]
[Source "ChessBase"]
[SourceDate "2008.06.24"]
[SourceVersion "1"]
[SourceVersionDate "2008.06.24"]
[SourceQuality "1"]

1. e4 c5 2. Nf3 d6 3. d4 cxd4 4. Nxd4 Nf6 5. Nc3 a6 6. Be3 e5 7. Nb3 Be6 8. f3 Be7 9. Qd2 0-0 10. 0-0-0 Nbd7 11. g4 b5 12. g5 b4 13. Ne2 Ne8 14. f4 a5 15. f5 a4 16. fxe6 axb3 17. exf7+ Rxf7 18. Kb1 bxc2+ 19. Kxc2 Nb6 20. Nc1 d5 21. exd5 Nd6 22. g6 hxg6 23. Kb1 Nbc4 24. Bxc4 Nxc4 25. Qd3 Qc8 26. Rhe1 Bf6 27. Qe4 b3 28. axb3 Nd6 29. Qb4 Ra6 30. Nd3 Rb7 31. Qc3 Qxc3 32. bxc3 Rxb3+ 33. Kc2 Raa3 34. Bd2 e4 35. Nf4 Bh4 36. Re2 Rb8 37. Rb1 Ra2+ 38. Kc1 Rxb1+ 39. Kxb1 Rxd2 40. Rxd2 Bg5 41. Rf2 e3 42. Rg2 Bxf4 43. Rxg6 Ne4 44. Kc2 e2 45. Rg1 Bd2 46. Kd3 e1Q 47. Rxe1 Bxe1 48. Kxe4 Bxc3 49. Kf5 Kf7 50. h4 g6+ 0-1

[Event "IECG QM.2005.0.00084 email"]
[Site "IECG email"]
[Date "2005.04.28"]
[Round "?"]
[White "Pely, Giora"]
[Black "Marcinkiewicz, Jan Stanislav"]
[Result "0-1"]
[WhiteElo "2412"]
[BlackElo "2447"]
[PlyCount "132"]
[EventDate "2005.04.28"]
[EventType "tourn (corr)"]
[EventRounds "6"]
[SourceTitle "Corr 2008"]
[Source "ChessBase"]
[SourceDate "2008.06.24"]
[SourceVersion "1"]
[SourceVersionDate "2008.06.24"]
[SourceQuality "1"]

1. e4 c5 2. Nf3 d6 3. d4 cxd4 4. Nxd4 Nf6 5. Nc3 a6 6. Be3 e5 7. Nb3 Be6 8. f3 Be7 9. Qd2 0-0 10. 0-0-0 Nbd7 11. g4 Qc7 12. Kb1 Rfc8 13. h4 b5 14. h5 h6 15. g5 b4 16. Nd5 Nxd5 17. exd5 Bf5 18. Bd3 Bxd3 19. Qxd3 Bxg5 20. Bxg5 hxg5 21. Rdg1 Qd8 22. Qd2 f6 23. Qxb4 Qc7 24. Qe4 Nf8 25. h6 g6 26. Qd3 Qc4 27. Qd2 a5 28. Rg4 Qb5 29. a4 Qa6 30. Qe3 Rab8 31. Nd2 Kh8 32. b3 Nd7 33. Rg2 Nc5 34. Ne4 Nxa4 35. f4 Qb5 36. Qd2 gxf4 37. h7 g5 38. Nxf6 Nc3+ 39. Kb2 Qa4 40. Ra1 Qb4 41. Rag1 Na4+ 42. Ka2 Qxd2 43. Rxd2 Nc3+ 44. Kb2 Kg7 45. Rxg5+ Kxf6 46. Rdg2 Rh8 47. Rg8 Rbxg8 48. hxg8Q Rxg8 49. Rxg8 Nxd5 50. Kc1 e4 51. Kd2 f3 52. Ke1 Ne3 53. c3 Ke5 54. Rg5+ Nf5 55. b4 a4 56. b5 e3 57. b6 a3 58. Rg8 Kf4 59. b7 a2 60. Ra8 f2+ 61. Ke2 Ng3+ 62. Kd3 f1Q+ 63. Kd4 Qb5 64. Rf8+ Nf5+ 65. Rxf5+ Qxf5 66. Kc4 a1Q 0-1

[Event "IECG CM.2005.0.00275 email"]
[Site "IECG email"]
[Date "2005.04.24"]
[Round "?"]
[White "Marcinkiewicz, Jan Stanislav"]
[Black "Zeihen, Pascal"]
[Result "1-0"]
[WhiteElo "2447"]
[BlackElo "2406"]
[PlyCount "87"]
[EventDate "2005.04.24"]
[EventType "tourn (corr)"]
[EventRounds "6"]
[SourceTitle "Corr 2008"]
[Source "ChessBase"]
[SourceDate "2008.06.24"]
[SourceVersion "1"]
[SourceVersionDate "2008.06.24"]
[SourceQuality "1"]

1. e4 c5 2. Nf3 d6 3. d4 cxd4 4. Nxd4 Nf6 5. Nc3 a6 6. Be3 e5 7. Nb3 Be6 8. f3 Be7 9. Qd2 Nbd7 10. g4 Qc7 11. 0-0-0 b5 12. g5 Nh5 13. Kb1 Nb6 14. Nd5 Bxd5 15. exd5 0-0 16. Rg1 Rac8 17. Na5 Nxd5 18. Qxd5 Qxa5 19. Rg4 g6 20. Bd3 Qc7 21. h4 Kg7 22. a4 Rb8 23. axb5 axb5 24. Rb4 Ng3 25. f4 f6 26. Rxb5 Rxb5 27. Qxb5 Rb8 28. Qd5 Qc3 29. b3 Nf5 30. Bc1 Nd4 31. fxe5 fxe5 32. Rf1 Rxb3+ 33. Ka2 Rb8 34. Rf7+ Kh8 35. Rxe7 Nc6 36. Rxh7+ Kxh7 37. Qf7+ Kh8 38. Qf6+ Kg8 39. Qxg6+ Kf8 40. Qxd6+ Kg8 41. Qe6+ Kf8 42. Ba3+ Nb4+ 43. Kb1 Rb7 44. Qa6 1-0